000 00276nam a22001217a 4500
020 _a978-969-562-666-5
040 _cCL
100 _aYasir Usman
_9127822
245 _aRekha an kahi kahani
260 _aLahore:
_bFiction House,
_c2019.
300 _a174p.
942 _2ddc
_cBK
999 _c612838
_d612838